000 00380nam a22001577a 4500
003 MACL
005 20150602163412.0
008 MACL
040 _cMACL
082 _a954/VAI
100 _aVaikuntham,Prof.Y.
_9124
245 _aParadigms In Indian History
260 _aHyderabad
_bFelicitation Committee
_c2004
650 _aHistory
_98
942 _2ddc
_cBK
_h954/VAI
_k954/VAI
999 _c49782
_d49782